| 000 | 00591nam a2200217 a 4500 | ||
|---|---|---|---|
| 001 | BRCA_6341 | ||
| 005 | 20190320205423.0 | ||
| 008 | 150811s1924----gw-a######---#000-0#ger-# | ||
| 041 | _ager | ||
| 044 | _agw | ||
| 050 | 4 |
_aJN8163 _b.C6 1924 |
|
| 100 | 1 |
_aHahn, Albert _915899 |
|
| 245 | 1 | 0 |
_aGoldvorteil und Goldvorurteil _bEine währungspolit. Studie _cL. Albert Hahn. |
| 260 |
_aFrankfurt _bFrankfurter Societäts-Druckerei _c1924 |
||
| 300 |
_a56 p. _bil. _c22 cm. |
||
| 500 | _aK99 | ||
| 650 | 1 | 4 |
_aOro _915666 |
| 650 | 1 | 4 |
_aPolítica monetaria _915900 |
| 902 | _aGFM | ||
| 942 |
_2lcc _cB |
||
| 999 |
_c6027 _d6027 |
||